00386nam a22000857a 4500008004100000082001700041245017600058260005700234300000900291230605b xxu||||| |||| 00| 0 eng d a328.365bKNA aReport of the Select Committee Investigating Circumstances Leading to the Death of the Late Dr. The Hon Robert John Ouko, EGH, MPbNinth Parliament- Fourth Session (2005) aNairobi, KenyabKenya National AssemblycMarch, 2005 a247p